Fr. Conceicao Rodrigues College of Engineering

Finite element analysis and programming (Record no. 31494)

MARC details
000 -LEADER
fixed length control field 00301nam a2200133Ia 4500
082 ## - DEWEY DECIMAL CLASSIFICATION NUMBER
Classification number 620.001
Item number SHI
100 ## - MAIN ENTRY--PERSONAL NAME
Personal name Shivaswamy/Shashishekar
245 ## - TITLE STATEMENT
Title Finite element analysis and programming
260 ## - PUBLICATION, DISTRIBUTION, ETC.
Name of publisher, distributor, etc. Narosa
Date of publication, distribution, etc. 2010
366 ## - TRADE AVAILABILITY INFORMATION
Publishers's discount category 20
546 ## - LANGUAGE NOTE
Language note ENGLISH
-- Info.Tech
942 ## - ADDED ENTRY ELEMENTS (KOHA)
Koha item type BOOK
Holdings
Withdrawn status Lost status Damaged status Not for loan Collection Home library Current library Date acquired Source of acquisition Cost, normal purchase price Inventory number Total Checkouts Full call number Barcode Date last seen Cost, replacement price Price effective from Koha item type
        CRC Fr. Agnel's C.Rodrigues College of Engineering Fr. Agnel's C.Rodrigues College of Engineering 17/03/2023 Book Base 384.00 10812 dt 26/04/2011   620.001 SHI 21642 17/03/2023 480.00   BOOK